Statistics for Orlando Magic Trivia

Click here to take the quiz!

General Stats

  • This quiz has been taken 21 times
  • The average score is 12 of 21

Answer Stats

HintAnswer% Correct
When were they founded?1989
100%
What big man did the Magic draft with the 1st overall pick in the 1992 Draft?Shaquille O'Neal
94%
Who did the Magic draft with the first pick in 2004?Dwight Howard
82%
What point guard was drafted by the Warriors in 1993, but was immediately traded to the Magic?Anfernee Hardaway
76%
What former Raptor did the Magic sign in 2000?Tracy McGrady
76%
2017-18 Starting PFAaron Gordon
71%
What college did he go to?Louisiana State University
71%
2017-18 Starting CNikola Vucevic
65%
Who did the Magic trade away in that deal?Chris Webber
65%
Who started for PG after this trade?DJ Augustin
59%
2017-18 Head CoachFrank Vogel
59%
2017 First Round Draft PickJonathan Isaac
59%
What point guard did the Magic trade away to the suns in 2018?Elfrid Payton
53%
What Magic coach won Coach of the Year in 2000?Doc Rivers
53%
2017-18 Starting SFEvan Fournier
47%
Who was their first regular draft pick?Nick Anderson
47%
What former Sun did the Magic sign in 2000?Grant Hill
47%
What Magic player won Rookie of the Year in 2000?Mike Miller
41%
Who was their first coach?Matt Guokas
24%
2017-18 Starting SGJonathan Simmons
12%
Who was their first expansion draft pick?Sidney Green
6%

Score Distribution

Percentile by Number Answered

Percent of People with Each Score

Your Score History

You have not taken this quiz